000 00677nam a2200253Ia 4500
003 OSt
005 20221006153424.0
006 a|||||r|||| 00| 0
007 ta
008 221006b |||||||| |||| 00| 0 kor d
020 _cW 8,800
024 _a32,292
037 _bGift, Korean Embassy
_cTextual
040 _aEASL
_cEASL
_bkor
041 _2kor
_akor
082 _aO495,3N69, P5
100 _aJO Kyeong Nan Au.
_9663852
245 0 _aGukje iyagi
260 _aSeoul
_bMunhak Dongne
_c2005
300 _a293p.
_ccm.
490 _v KL
942 _hO495,3N69, P5
_cTEXL
_2CC
999 _c1100378
_d1100378